[Event "POL-chT3"]
[Site "Jastrzebia Gora POL"]
[Date "2015.??.??"]
[Round "2.24"]
[White "Korosciel, Aneta"]
[Black "Dziodzio, Angelika"]
[Result "1/2-1/2"]
[WhiteElo "2036"]
[BlackElo "2095"]
[EventDate "2015.??.??"]
[WhiteTitle "m"]
[BlackTitle "k"]

1.e4 c5 2.b3 Nc6 3.Bb2 d6 4.Bb5 Bd7 5.Nf3 e6 6.O-O Nge7 7.Re1 Ng6 8.d4 
cxd4 9.Nxd4 a6 10.Bxc6 Bxc6 11.c4 h5 12.Nc3 h4 13.h3 Be7 14.Qg4 Ne5 15.Qe2
g5 16.Nxc6 bxc6 17.Rad1 c5 18.Na4 Qc7 19.Bxe5 dxe5 20.Rd3 Rd8 21.Rxd8+ 
Qxd8 22.Rd1 Qc7 23.Qd3 Qc6 24.f3 Qc7 25.Kf1 f6 26.Ke2 Rh7 27.Rd2 Bf8 28.
Qe3 Rd7 29.Rxd7 Kxd7 30.Qd2+ Kc6 31.Qd3 Be7 32.Ke3 Qa5 33.Ke2 Qb4 34.Qc3 
Qxc3 35.Nxc3 Bd8 36.Kd3 Kd6 37.Nd1 Kc6 38.Ne3 Kd6 39.Nc2 a5 40.Ne3 Kc6 41.
Kc3 Be7 42.Nc2 Bd6 43.Kd3 Be7 44.Kc3 Bd6 45.Kd3 Be7 46.Kc3 Bd6 47.Kd3 Be7 
1/2-1/2

[Event "POL-chT3"]
[Site "Jastrzebia Gora POL"]
[Date "2015.??.??"]
[Round "2.25"]
[White "Gajek, Radoslaw"]
[Black "Brzezinski, Mateusz"]
[Result "1-0"]
[WhiteElo "2384"]
[BlackElo "2125"]
[EventDate "2015.??.??"]
[WhiteTitle "IM"]
[BlackTitle "I++"]

1.e4 e6 2.d4 d5 3.Nd2 c5 4.exd5 Qxd5 5.Ngf3 cxd4 6.Bc4 Qd6 7.O-O Nf6 8.Nb3
Nc6 9.Nbxd4 Nxd4 10.Nxd4 a6 11.a4 Qc7 12.b3 Bd6 13.h3 O-O 14.Bb2 Bd7 15.
Qf3 Rac8 16.Rad1 Bh2+ 17.Kh1 Bf4 18.Qe2 e5 19.Nf3 Rfe8 20.Kg1 Qc5 21.Rfe1 
b5 22.axb5 Bxb5 23.Bxe5 Bxc4 24.Qxc4 Qxc4 25.bxc4 Rxc4 26.Bxf4 Rxf4 27.
Rxe8+ Nxe8 28.Rd7 Rf5 29.Kf1 Rc5 30.Nd4 Kf8 31.Ke2 Nc7 32.Kd3 Ke8 33.Rd6 
Nb5 34.Rc6 Rd5 35.c3 Nxd4 36.cxd4 Ra5 37.Rc7 Ra2 38.Ke3 a5 39.g3 a4 40.f3 
Ra1 41.Ke4 a3 42.Ra7 Re1+ 43.Kd5 Re3 44.Kd6 Re6+ 45.Kc5 Re3 46.d5 Rxf3 47.
Kd6 Rf6+ 48.Kc7 Rf2 49.Ra8+ Ke7 50.d6+ Ke6 51.d7 Rc2+ 52.Kd8 Rd2 53.Ra6+ 
Kf5 54.Rxa3 f6 55.Re3 1-0

[Event "POL-chT3"]
[Site "Jastrzebia Gora POL"]
[Date "2015.??.??"]
[Round "2.26"]
[White "Kujawski, Adam"]
[Black "Krainski, Aleksander"]
[Result "1-0"]
[WhiteElo "2277"]
[BlackElo "2134"]
[EventDate "2015.??.??"]
[WhiteTitle "k"]
[BlackTitle "FM"]

1.e4 e5 2.Nf3 d6 3.d4 Nf6 4.Nc3 Nbd7 5.g3 Be7 6.Bg2 O-O 7.O-O c6 8.a4 a5 
9.b3 Re8 10.Bb2 Qc7 11.Re1 Nf8 12.h3 Ng6 13.Nb1 Bd7 14.c4 Rad8 15.d5 c5 
16.Nc3 b6 17.Kh2 h6 18.Ng1 Nh7 19.Rf1 Rf8 20.Nb5 Bxb5 21.cxb5 Bg5 22.h4 
Bf6 23.Nf3 Rfe8 24.Bh3 Rb8 25.Nd2 Ngf8 26.Nc4 Qe7 27.Qh5 Qd8 28.Bc3 Ng6 
29.Bd2 Be7 30.Rae1 Bf8 31.Rg1 Qf6 32.Rg2 Rb7 33.Bc3 Qd8 34.Ba1 Be7 35.Bc3 
Bf8 36.Bb2 Be7 37.Ba1 Bf8 38.Re3 Be7 39.Bb2 Bf8 40.Re2 Be7 41.Rg1 Bf8 42.
Rf1 Be7 43.Bc1 Bf8 44.Ree1 Be7 45.Bb2 Bf8 46.Bf5 Nf6 47.Qf3 Be7 48.Bc1 Nh7
49.Rh1 Ngf8 50.Kg1 Bf6 51.Bd2 g6 52.Bh3 Bg7 53.Kh2 Qe7 54.Rhf1 Rd8 55.Bxa5
bxa5 56.Nxa5 Ra8 57.Nc4 Nd7 58.Bxd7 Qxd7 59.b6 Bf8 60.Ra1 Kg7 61.Qc3 Nf6 
62.f3 h5 63.Rfb1 Be7 64.Ra2 Ne8 65.a5 Bd8 66.Rba1 Ra6 67.Kg2 Kg8 68.Qd3 
Ra8 69.Ne3 Rbb8 70.Ra4 Qb7 71.Qb5 Kf8 72.Nc4 Qa6 73.Qd7 Be7 74.R1a2 Rd8 
75.Qh3 Nf6 76.Qh1 Rdb8 77.Qf1 Qb5 78.Nd2 Qa6 79.Nc4 Kg7 80.Qd3 Ne8 81.Rf2 
Bd8 82.Qc3 Qb5 83.Nxd6 Nxd6 84.Qxe5+ Bf6 85.Qxd6 Qxb3 86.e5 Qxa4 87.Qxf6+ 
Kg8 88.e6 Qe8 89.Qc3 fxe6 90.Re2 Qf7 91.dxe6 Qe7 92.Re5 c4 93.Qxc4 Rc8 94.
Qd3 Kh7 95.Rxh5+ Kg8 96.Qxg6+ Qg7 97.Qe4 1-0

[Event "POL-chT3"]
[Site "Jastrzebia Gora POL"]
[Date "2015.??.??"]
[Round "2.27"]
[White "Karpus, Michal"]
[Black "Mazalon, Mariusz"]
[Result "1/2-1/2"]
[WhiteElo "2303"]
[BlackElo "2040"]
[EventDate "2015.??.??"]
[WhiteTitle "FM"]
[BlackTitle "k"]

1.e4 c5 2.Nf3 d6 3.d4 cxd4 4.Nxd4 Nf6 5.Nc3 a6 6.Be2 e6 7.O-O Nbd7 8.f4 b5
9.Bf3 Bb7 10.e5 Bxf3 11.Nxf3 Ng4 12.Qe2 b4 13.Na4 Qa5 14.f5 Ndxe5 15.fxe6 
fxe6 16.b3 Qb5 17.Qe4 d5 18.Qf4 Bc5+ 19.Nxc5 Qxc5+ 20.Kh1 Rf8 21.Qg3 h5 
22.Bf4 Nf7 23.Rae1 Kd7 24.h3 g5 25.Bxg5 Nxg5 26.Nxg5 Nf2+ 27.Kh2 Rae8 28.
Nf3 Ne4 29.Qg7+ Kc8 30.Qe5 Rf5 31.Qd4 Qd6+ 32.Kg1 Qg3 33.Rxe4 dxe4 34.Qxe4
Qd6 35.Qa8+ Kd7 36.Qb7+ Kd8 37.Qa8+ Kc7 38.Qa7+ Kc8 39.Qa8+ Kd7 40.Qb7+ 
Kd8 41.Qa8+ Ke7 1/2-1/2

[Event "POL-chT3"]
[Site "Jastrzebia Gora POL"]
[Date "2015.??.??"]
[Round "2.28"]
[White "Wisniewski, Szymon"]
[Black "Karbowiak, Adam"]
[Result "1-0"]
[WhiteElo "1847"]
[BlackElo "2153"]
[EventDate "2015.??.??"]
[WhiteTitle "I+"]
[BlackTitle "k+"]

1.e4 e6 2.d4 d5 3.Nc3 dxe4 4.Nxe4 Bd7 5.Bd3 Bc6 6.Nf3 Nd7 7.b3 Ngf6 8.Ng3 
Bb4+ 9.Bd2 Bxf3 10.Qxf3 Bxd2+ 11.Kxd2 c6 12.c3 O-O 13.Nh5 Qa5 14.Nxf6+ 
Nxf6 15.b4 Qc7 16.g4 Rfd8 17.Kc2 a5 18.a3 e5 19.g5 Nd7 20.Rhe1 axb4 21.
cxb4 g6 22.dxe5 Nxe5 23.Qf4 Qd6 24.Rad1 Nxd3 25.Re8+ Kg7 26.Qxd6 Ne5 1-0

[Event "POL-chT3"]
[Site "Jastrzebia Gora POL"]
[Date "2015.??.??"]
[Round "2.29"]
[White "Krainski, Slawomir"]
[Black "Skowronski, Piotr"]
[Result "1-0"]
[WhiteElo "2124"]
[BlackElo "2043"]
[EventDate "2015.??.??"]
[WhiteTitle "k"]
[BlackTitle "I+"]

1.d4 d6 2.e4 Nf6 3.Nc3 g6 4.h3 c6 5.Nf3 Bg7 6.Be3 O-O 7.a4 Na6 8.Qd2 Nc7 
9.Bd3 b6 10.Bh6 c5 11.Bxg7 Kxg7 12.O-O cxd4 13.Nxd4 Ne6 14.Nde2 Nc5 15.Ng3
Nxd3 16.cxd3 e6 17.f4 d5 18.e5 Ng8 19.d4 Ne7 20.Rf3 Bd7 21.Nd1 Nf5 22.
Nxf5+ exf5 23.Rc3 Rc8 24.b3 Qe7 25.Rxc8 Rxc8 26.Rc1 Rxc1 27.Qxc1 Qb4 28.
Qc3 Qxc3 29.Nxc3 Bc6 30.Kf2 Kf8 31.b4 Ke7 32.b5 Bb7 33.g4 Ke6 34.Kg3 fxg4 
35.hxg4 a6 36.f5+ gxf5 37.g5 axb5 38.axb5 f4+ 39.Kxf4 Bc8 40.Na4 Bd7 41.
Nxb6 Bxb5 42.Nc8 Bd3 43.Nd6 Bg6 44.Nb7 Kd7 45.Nc5+ Ke7 46.Ke3 Bf5 47.Kd2 
Kf8 48.Ke3 Ke7 49.Na6 Be6 50.Nb4 Kf8 51.Nd3 Kg7 52.Nf4 Kf8 53.Kd2 Ke7 54.
Kc3 Kd7 55.Kb4 Kc6 56.Ka5 Bf5 57.Nh5 Bg6 58.Nf6 Bf5 59.Ng8 Be4 60.Kb4 Kd7 
61.Kc5 Ke6 62.Nf6 Bd3 63.Nxd5 Kf5 64.Ne7+ Kxg5 65.d5 Be2 66.e6 fxe6 67.d6 
Kf6 68.Nc6 1-0

[Event "POL-chT3"]
[Site "Jastrzebia Gora POL"]
[Date "2015.??.??"]
[Round "2.30"]
[White "Mackiewicz, Anna"]
[Black "Pacuszka, Wioletta"]
[Result "0-1"]
[WhiteElo "1955"]
[BlackElo "1943"]
[EventDate "2015.??.??"]
[WhiteTitle "k+"]
[BlackTitle "I+"]

1.d4 d5 2.c4 e6 3.Nc3 Nf6 4.Nf3 Nbd7 5.Bg5 Be7 6.e3 O-O 7.Bd3 dxc4 8.Bxc4 
c5 9.O-O a6 10.a4 cxd4 11.Nxd4 Ne5 12.Be2 Qb6 13.Qb3 Qxb3 14.Nxb3 h6 15.
Bh4 Bd7 16.Rfd1 Rfd8 17.Bg3 Nc6 18.a5 Nb4 19.Bf3 Bc6 20.Bxc6 Nxc6 21.Na4 
Rxd1+ 22.Rxd1 Rd8 23.Rc1 Ne4 24.Kf1 Rd5 25.Bc7 Rb5 26.Rc4 Rxb3 27.Rxe4 Rb4
28.Rxb4 Bxb4 29.Ke2 Bxa5 30.Bxa5 Nxa5 31.Nc5 Kf8 32.Kd3 Ke7 33.b4 Nc6 34.
Nxb7 Nxb4+ 35.Kc4 Nc6 36.Kc5 Ne5 37.Kd4 Ng4 38.Nc5 a5 39.Nd3 Nxh2 40.Kc5 
Ng4 41.Kb5 Kd6 42.Kxa5 e5 43.e4 f5 44.f3 fxe4 45.fxe4 Ne3 46.g3 Nf1 47.g4 
Ng3 48.Kb4 Nxe4 49.Kc4 Nf6 50.Nf2 g5 51.Kd3 Kd5 52.Ke3 Kc4 53.Ne4 Nxg4+ 
54.Kf3 Kd4 55.Nd6 e4+ 56.Kxg4 e3 57.Kf3 Kd3 58.Kg3 h5 59.Kg2 g4 60.Kf1 g3 
61.Nf7 Kd2 62.Ne5 Kd1 63.Kg2 e2 64.Nf3 h4 65.Kh3 e1=Q 66.Kxh4 Qf2 67.Ng5 
0-1

[Event "POL-chT3"]
[Site "Jastrzebia Gora POL"]
[Date "2015.??.??"]
[Round "2.31"]
[White "Kolosowski, Pawel"]
[Black "Janaszak, Dawid"]
[Result "1/2-1/2"]
[WhiteElo "2215"]
[BlackElo "2373"]
[EventDate "2015.??.??"]
[WhiteTitle "m"]
[BlackTitle "FM"]

1.e4 c5 2.Nc3 Nc6 3.g3 g6 4.Bg2 Bg7 5.d3 d6 6.Be3 Nh6 7.h3 f5 8.Qd2 Nf7 9.
f4 O-O 10.Nf3 b5 11.exf5 Bxf5 12.d4 cxd4 13.Nxd4 Nxd4 14.Bxd4 e5 15.fxe5 
Rc8 16.e6 Ne5 17.Bd5 Qe7 18.O-O-O Kh8 19.Qg2 b4 20.Ne4 a5 21.Kb1 a4 22.
Rhe1 Rfe8 23.g4 Bxe6 24.Bxe5 dxe5 25.Bxe6 Qxe6 26.Nd6 e4 27.Nxe8 Rxe8 28.
Rxe4 Qxe4 29.Qxe4 Rxe4 30.Rd8+ Bf8 31.Rxf8+ Kg7 32.Rf1 Re3 33.Rh1 Kf6 34.
Kc1 Ke5 35.Kd2 Kd4 36.Rh2 Rg3 37.Ke2 a3 38.bxa3 Rxa3 39.Kd1 Kc3 40.h4 Rxa2
41.Rh3+ Kc4 42.Rf3 Kd4 1/2-1/2

[Event "POL-chT3"]
[Site "Jastrzebia Gora POL"]
[Date "2015.??.??"]
[Round "2.32"]
[White "Maciejczak, Jakub"]
[Black "Lapaj, Mateusz"]
[Result "1-0"]
[WhiteElo "2355"]
[BlackElo "2133"]
[EventDate "2015.??.??"]
[WhiteTitle "FM"]
[BlackTitle "k+"]

1.c4 Nf6 2.Nc3 g6 3.g3 Bg7 4.Bg2 d6 5.Nf3 O-O 6.O-O e5 7.d3 Nbd7 8.Bd2 Re8
9.Ne1 c6 10.Nc2 Nc5 11.b4 Ne6 12.b5 Bd7 13.a4 Qc7 14.a5 cxb5 15.Nxb5 Bxb5 
16.cxb5 Rac8 17.Nb4 Nd4 18.a6 bxa6 19.bxa6 Qb6 20.Bb7 Rc5 21.Rb1 Rb5 22.e3
Ne6 23.Nc6 Nd8 24.Ba5 Rxb1 25.Qxb1 Qxb1 26.Rxb1 Nxc6 27.Bxc6 Rc8 28.Bb7 
Rc2 29.Bb6 axb6 30.a7 Ra2 31.a8=Q+ Rxa8 32.Bxa8 Nd7 33.Bc6 Nc5 34.Rxb6 
Nxd3 35.Bd5 Nc5 36.Rxd6 Bf8 37.Rc6 Be7 38.Kf1 Kf8 39.Rc8+ Kg7 40.Ke2 Ne6 
41.Bxe6 fxe6 42.Kd3 Bf6 43.Rc7+ Kg8 44.Ke4 1-0

[Event "POL-chT3"]
[Site "Jastrzebia Gora POL"]
[Date "2015.??.??"]
[Round "2.33"]
[White "Pinkas, Karol"]
[Black "Dudzinski, Pawel"]
[Result "0-1"]
[WhiteElo "2227"]
[BlackElo "2261"]
[EventDate "2015.??.??"]
[WhiteTitle "IM"]
[BlackTitle "FM"]

1.e4 c6 2.d4 d5 3.Nc3 g6 4.Nf3 Bg7 5.h3 Nf6 6.Bd3 dxe4 7.Nxe4 Nxe4 8.Bxe4 
Nd7 9.O-O O-O 10.Re1 Qc7 11.c3 c5 12.Bc2 cxd4 13.cxd4 Qd6 14.Bb3 Nf6 15.
Re5 e6 16.Ng5 Nd5 17.Re4 h6 18.Nf3 b6 19.Ne5 Bb7 20.Qe2 Rae8 21.Bd2 a5 22.
Re1 Re7 23.Bc2 Rc8 24.Bb3 Rd8 25.Nf3 Nf6 26.Rf4 g5 27.Rxf6 Bxf6 28.Bc3 Bd5
29.Ne5 Bxb3 30.axb3 Bxe5 31.dxe5 Qd3 32.Qg4 Qf5 33.Qe2 Rd3 34.Rc1 Red7 35.
b4 Qf4 36.Ra1 axb4 37.Be1 Kg7 38.g3 Qd4 39.Kh2 Rd5 40.Ra4 Rb3 41.Bc3 Rxc3 
42.bxc3 Qxc3 43.Qe4 Rxe5 44.Qxb4 Qxb4 45.Rxb4 b5 46.Kg2 Kf6 47.f4 gxf4 48.
Rxf4+ Rf5 49.Rb4 h5 50.g4 hxg4 51.hxg4 Rc5 52.Rf4+ Kg6 53.Kh3 Rc3+ 0-1

[Event "POL-chT3"]
[Site "Jastrzebia Gora POL"]
[Date "2015.??.??"]
[Round "2.34"]
[White "Michalski, Filip"]
[Black "Garbowski, Jakub"]
[Result "1/2-1/2"]
[WhiteElo "2176"]
[BlackElo "2049"]
[EventDate "2015.??.??"]
[WhiteTitle "I"]
[BlackTitle "I+"]

1.d4 Nf6 2.c4 g6 3.Nc3 d5 4.Nf3 Bg7 5.Bg5 Ne4 6.Bf4 Nxc3 7.bxc3 c5 8.cxd5 
Qxd5 9.e3 cxd4 10.cxd4 Bf5 11.Be2 Nc6 12.O-O O-O 13.Qa4 Rac8 14.Rfc1 Qa5 
15.Qb3 Qb4 16.h3 h6 17.Bg3 Be4 18.Ne1 Rfd8 19.Bg4 Qxb3 20.axb3 e6 21.Be2 
a6 22.f3 Bd5 23.Bf2 Bxb3 24.Rab1 Bd5 25.Nd3 Nb8 26.Nc5 Nd7 27.Nxd7 Rxc1+ 
28.Rxc1 Rxd7 29.Rc8+ Kh7 30.e4 Bc6 31.e5 Bd5 32.Be1 f5 33.Bb4 g5 34.Bd6 
Kg6 35.Bd3 Kf7 36.Kf1 b5 37.Ke2 Bb7 38.Rb8 h5 39.g4 hxg4 40.hxg4 f4 41.Bh7
Bd5 42.Kd3 a5 43.Be4 Bxe4+ 44.Kxe4 b4 45.Kd3 Ra7 46.Kc2 Bh6 47.Kb2 Bg7 48.
Ka2 Bh6 49.Rh8 Bg7 50.Rb8 Bh6 51.Bc5 Ra6 52.Rb7+ Kg6 53.Re7 1/2-1/2

[Event "POL-chT3"]
[Site "Jastrzebia Gora POL"]
[Date "2015.??.??"]
[Round "2.35"]
[White "Siedlinski, Piotr"]
[Black "Ziabek, Patryk"]
[Result "1-0"]
[WhiteElo "2072"]
[BlackElo "2038"]
[EventDate "2015.??.??"]
[WhiteTitle "k"]
[BlackTitle "I+"]

1.e4 c5 2.Nf3 e6 3.Nc3 a6 4.d4 cxd4 5.Nxd4 Qc7 6.Bd3 Nf6 7.Qe2 d6 8.a4 b6 
9.O-O Be7 10.f4 Nbd7 11.Kh1 Bb7 12.Bd2 Nc5 13.b4 Ncd7 14.Rae1 O-O 15.Rf3 
g6 16.Rg3 Rfd8 17.f5 e5 18.Nf3 Nh5 19.Rh3 Nf4 20.Bxf4 exf4 21.Nd5 Bxd5 22.
exd5 Bf6 23.fxg6 hxg6 24.Nd2 Re8 25.Qxe8+ Rxe8 26.Rxe8+ Nf8 27.Ne4 Be5 28.
c4 Kg7 29.Rf3 Nd7 30.h4 a5 31.bxa5 bxa5 32.g3 Nc5 33.Nxc5 Qxc5 34.gxf4 Bf6
35.h5 Qd4 36.hxg6 fxg6 37.Re6 Qa1+ 38.Kg2 Qxa4 39.Rg3 g5 40.fxg5 Be5 41.
Rf3 Kg8 42.Rg6+ Bg7 43.Rxd6 Bd4 44.Rg6+ Bg7 45.Rc6 Be5 46.Rc8+ Kg7 47.Rh3 
Kf7 48.Rh7+ Bg7 49.Rc7+ Kf8 50.Rhxg7 Qd1 51.Rgf7+ Ke8 52.Rfe7+ Kf8 53.Re3 
Qd2+ 54.Kf3 Qh2 55.Rce7 Qh5+ 56.Kf4 1-0

[Event "POL-chT3"]
[Site "Jastrzebia Gora POL"]
[Date "2015.??.??"]
[Round "2.36"]
[White "Magnucka, Milena"]
[Black "Guzik, Jolanta"]
[Result "1/2-1/2"]
[WhiteElo "1950"]
[BlackElo "1980"]
[EventDate "2015.??.??"]
[WhiteTitle "WFM"]
[BlackTitle "WFM"]

1.e4 d5 2.exd5 Qxd5 3.Nc3 Qa5 4.d4 Nf6 5.Nf3 Bf5 6.Bc4 e6 7.Bd2 c6 8.O-O 
Qc7 9.Bb3 Bd6 10.Qe2 O-O 11.h3 h6 12.Rfe1 Nbd7 13.Ne5 Rfe8 14.Rad1 Rad8 
15.a4 a6 16.Nc4 Bh2+ 17.Kh1 Bf4 18.Bxf4 Qxf4 19.Ne5 Qh4 20.Kg1 Nxe5 21.
Qxe5 Bg6 22.Ne2 Nd5 23.Qg3 Qxg3 24.Nxg3 Re7 25.Ne4 Bxe4 26.Rxe4 Red7 27.c3
a5 28.Re5 Kf8 29.g3 b6 30.Kf1 Ne7 31.Rde1 Rc7 32.Bc2 Rd5 33.Be4 Rd8 34.Bc2
Nd5 35.Bb3 Nf6 36.Rc1 Rd6 37.Rce1 g6 38.Rc1 Nd7 39.Re2 c5 40.dxc5 Nxc5 41.
Rd1 Rcd7 42.Rxd6 Rxd6 43.Bc2 Ke7 44.Ke1 Rd5 1/2-1/2

[Event "POL-chT3"]
[Site "Jastrzebia Gora POL"]
[Date "2015.??.??"]
[Round "2.37"]
[White "Gumularz, Szymon"]
[Black "Krzywda, Andrzej"]
[Result "1-0"]
[WhiteElo "2239"]
[BlackElo "2113"]
[EventDate "2015.??.??"]
[WhiteTitle "I++"]
[BlackTitle "k"]

1.d4 Nf6 2.Nf3 c5 3.d5 e6 4.c4 exd5 5.cxd5 d6 6.Nc3 g6 7.Bf4 a6 8.a4 Bg7 
9.h3 O-O 10.e3 Ne8 11.Nd2 Nd7 12.Nc4 Qe7 13.Be2 Ne5 14.Nb6 Rb8 15.O-O Nf6 
16.Bh2 Re8 17.Re1 h6 18.Bf1 g5 19.a5 Bf5 20.f4 Ng6 21.fxg5 hxg5 22.Qf3 Be4
23.Nxe4 Nxe4 24.Nc4 Nh4 25.Qd1 Rbd8 26.Bd3 f5 27.Qh5 Rf8 28.g3 Nf6 29.Qd1 
Ng6 30.Bxf5 Ne5 31.Be6+ Kh8 32.Nxe5 dxe5 33.e4 c4 34.Qe2 Qc5+ 35.Kg2 c3 
36.Bg1 Qb4 37.bxc3 Qxc3 38.Rf1 Bh6 39.Rab1 Qxa5 40.Bb6 Qa4 41.Bxd8 1-0

[Event "POL-chT3"]
[Site "Jastrzebia Gora POL"]
[Date "2015.??.??"]
[Round "2.38"]
[White "Zgadzaj, Rafal"]
[Black "Piotrowski, Przemyslaw"]
[Result "1-0"]
[WhiteElo "2115"]
[BlackElo "2193"]
[EventDate "2015.??.??"]
[WhiteTitle "k"]
[BlackTitle "k"]

1.c4 g6 2.Nc3 Bg7 3.g3 e5 4.Bg2 Ne7 5.b4 O-O 6.Rb1 c6 7.c5 d5 8.cxd6 Qxd6 
9.d3 f5 10.Qc2 Be6 11.Nf3 h6 12.Bd2 Nd5 13.O-O Nd7 14.Na4 b5 15.Nc5 Nxc5 
16.bxc5 Qc7 17.e4 Ne7 18.a4 a6 19.Bc3 g5 20.d4 Ng6 21.Nxe5 Nxe5 22.dxe5 f4
23.Rfd1 Bxe5 24.Qb2 Bxc3 25.Qxc3 fxg3 26.hxg3 Qf7 27.Rb2 bxa4 28.Rd6 Rab8 
29.Rxc6 Rb3 30.Qe5 Re8 31.Qd4 Qg7 32.e5 a3 33.Rxb3 Bxb3 34.Bd5+ Bxd5 35.
Qxd5+ Kh8 36.Rxa6 Qxe5 37.Qf7 Qe1+ 38.Kh2 Re2 39.Rxh6# 1-0

[Event "POL-chT3"]
[Site "Jastrzebia Gora POL"]
[Date "2015.??.??"]
[Round "2.39"]
[White "Perdek, Miroslaw"]
[Black "Malecki, Rafal"]
[Result "1-0"]
[WhiteElo "2225"]
[BlackElo "2090"]
[EventDate "2015.??.??"]
[WhiteTitle "FM"]
[BlackTitle "k+"]

1.e4 d6 2.d4 Nf6 3.Nc3 g6 4.Nf3 Bg7 5.Be2 O-O 6.O-O Nc6 7.d5 Nb8 8.Re1 Bg4
9.h3 Bxf3 10.Bxf3 Nfd7 11.Bg5 h6 12.Bf4 e5 13.dxe6 fxe6 14.Qd2 g5 15.Bg3 
Nc6 16.Be2 Nde5 17.Rad1 Qf6 18.Nb5 Rac8 19.c3 Qg6 20.Nd4 h5 21.f3 Nxd4 22.
cxd4 Nc6 23.d5 exd5 24.Qxd5+ Kh8 25.Kh1 Bxb2 26.Rb1 Be5 27.Bxe5+ Nxe5 28.
Rxb7 Rf7 29.Reb1 g4 30.Rb8 Rxb8 31.Rxb8+ Kg7 32.Qa8 Qh7 33.fxg4 hxg4 34.
Rb3 c6 35.Rg3 Qxe4 36.Bxg4 Qe1+ 37.Kh2 Ng6 38.Bh5 Qe5 39.Bxg6 1-0

[Event "POL-chT3"]
[Site "Jastrzebia Gora POL"]
[Date "2015.??.??"]
[Round "2.40"]
[White "Szajda, Marcin"]
[Black "Nowak, Kamil"]
[Result "0-1"]
[WhiteElo "2061"]
[BlackElo "2133"]
[EventDate "2015.??.??"]
[WhiteTitle "I++"]
[BlackTitle "I+"]

1.e4 c5 2.Nf3 d6 3.d4 cxd4 4.Nxd4 Nf6 5.Nc3 a6 6.Be2 e6 7.O-O Qc7 8.f4 Be7
9.Kh1 Nc6 10.Be3 O-O 11.g4 Nxd4 12.Qxd4 e5 13.Qd1 exf4 14.Bxf4 Be6 15.g5 
Nd7 16.Bg4 Ne5 17.Bxe6 fxe6 18.Bxe5 dxe5 19.g6 hxg6 20.Qg4 Qc4 21.Kg2 g5 
22.Ne2 Rad8 23.b3 Qc6 24.Rxf8+ Rxf8 25.Rf1 Rd8 26.Kh3 Bf6 27.Ng3 Kf7 28.
Qxg5 Qxc2 29.Qxe5 Rh8+ 30.Nh5 Qd3+ 31.Kg4 Qe2+ 32.Rf3 Qxf3+ 0-1

[Event "POL-chT3"]
[Site "Jastrzebia Gora POL"]
[Date "2015.??.??"]
[Round "2.41"]
[White "Kolasinski, Krzysztof"]
[Black "Sztwiertnia, Jan Krzysztof"]
[Result "1-0"]
[WhiteElo "2087"]
[BlackElo "2109"]
[EventDate "2015.??.??"]
[WhiteTitle "I++"]
[BlackTitle "k"]

1.d4 Nf6 2.Nf3 e6 3.g3 d5 4.Bg2 Nbd7 5.O-O Bd6 6.c4 c6 7.b3 O-O 8.Qc2 dxc4
9.bxc4 e5 10.dxe5 Nxe5 11.Bb2 Qe7 12.Rd1 Re8 13.Nbd2 Neg4 14.Bxf6 Nxf6 15.
Nb3 Bg4 16.e3 Ne4 17.Rf1 Rad8 18.Nfd4 Bc8 19.Rad1 Bc7 20.Rfe1 h5 21.Nf3 
Rxd1 22.Rxd1 c5 23.Rd5 g6 24.Nh4 b6 25.Rd1 Qe5 26.Rd5 Qe7 27.Rd1 Kg7 28.
Nd2 Nf6 29.Nf1 Rd8 30.Rxd8 Qxd8 31.f4 Qd6 32.Qc3 Kg8 33.Nd2 Qe7 34.e4 Ne8 
35.e5 Qd7 36.Bd5 Qg4 37.Ne4 Qd1+ 38.Kf2 Kf8 39.e6 fxe6 40.Nxg6+ Kf7 41.
Ng5+ Kxg6 42.Be4+ Kh6 43.Qh8# 1-0

[Event "POL-chT3"]
[Site "Jastrzebia Gora POL"]
[Date "2015.??.??"]
[Round "2.42"]
[White "Chmiel, Dominika"]
[Black "Iwanow, Anna"]
[Result "1/2-1/2"]
[WhiteElo "2146"]
[BlackElo "2312"]
[EventDate "2015.??.??"]
[WhiteTitle "m"]
[BlackTitle "WIM"]

1.e4 c5 2.Nf3 e6 3.d4 cxd4 4.Nxd4 Nc6 5.Nc3 Qc7 6.Be3 a6 7.a4 Nf6 8.Bd3 
Ne5 9.h3 b6 10.O-O Bb7 11.f4 Nc4 12.Bxc4 Qxc4 13.Qd3 Rc8 14.e5 Nd5 15.Qxc4
Rxc4 16.Nxd5 Bxd5 17.b3 Rc3 18.Bd2 Rg3 19.Nf3 Bxf3 20.Rxf3 Bc5+ 21.Kf1 
Rxf3+ 22.gxf3 Kd8 23.Ke2 Kc7 24.b4 Be7 25.Rg1 g6 26.c3 Rc8 27.Kd3 d5 28.
Ra1 Kb7 29.a5 b5 30.Be3 Rc4 31.Bd4 Bd8 32.Rd1 Kc6 33.Rg1 Kd7 34.Rg2 Ke8 
35.Rg1 Bc7 36.Rg2 h5 37.Rg1 Kd7 38.Re1 Bb8 39.Rc1 Rc7 40.Bb6 Rc4 41.Bd4 
1/2-1/2

[Event "POL-chT3"]
[Site "Jastrzebia Gora POL"]
[Date "2015.??.??"]
[Round "2.43"]
[White "Janik, Igor"]
[Black "Kumala, Aleksander"]
[Result "1/2-1/2"]
[WhiteElo "2387"]
[BlackElo "2102"]
[EventDate "2015.??.??"]
[WhiteTitle "I++"]
[BlackTitle "I++"]

1.e4 d5 2.Nc3 Nf6 3.exd5 Nxd5 4.Bc4 Nb6 5.Bb3 Nc6 6.Nf3 Bf5 7.d4 e6 8.O-O 
Be7 9.a4 a6 10.a5 Nd5 11.Ba4 O-O 12.Bxc6 Nxc3 13.bxc3 bxc6 14.Ne5 Qe8 15.
Bf4 Bd6 16.Qd2 c5 17.Nc4 Bxf4 18.Qxf4 Bxc2 19.Ne3 Bd3 20.Rfd1 cxd4 21.cxd4
Bb5 22.Qxc7 Rc8 23.Qe5 Be2 24.Rdb1 Bd3 25.Rb3 Qa4 26.Rbb1 Bxb1 27.Rxa4 
Rc1+ 28.Nf1 Bd3 29.h4 Rxf1+ 30.Kh2 Rxf2 31.Ra3 Rf5 32.Qd6 Rd5 33.Qf4 Bb5 
34.Rc3 h5 35.Rc7 Rd7 36.Rxd7 Bxd7 37.Qc7 Bb5 38.Kg3 Bd3 39.Kf4 Bb5 40.Ke3 
Ra8 41.Qc5 Rd8 42.Qxh5 Rd5 43.Qg4 Bd7 44.Qf4 Rxa5 45.Qd6 Rd5 46.Qxa6 g6 
47.Qb7 Kg7 48.g4 Bb5 49.Qc7 Bf1 50.Qf4 Bh3 51.Qf3 Bxg4 52.Qxg4 Rf5 53.Qg3 
Rd5 54.Ke4 Rf5 55.Qd6 Rh5 56.Qd8 Rh8 57.Qg5 Rh5 58.Qg3 Rf5 59.Qc3 Kg8 60.
Qc8+ Kg7 61.Qd8 Rh5 1/2-1/2

[Event "POL-chT3"]
[Site "Jastrzebia Gora POL"]
[Date "2015.??.??"]
[Round "2.45"]
[White "Jedra, Waldemar"]
[Black "Puczylowski, Marcin"]
[Result "0-1"]
[WhiteElo "1986"]
[BlackElo "2119"]
[EventDate "2015.??.??"]
[WhiteTitle "I"]
[BlackTitle "k"]

1.c4 e5 2.Nc3 Bb4 3.Nf3 Bxc3 4.dxc3 Nc6 5.g3 d6 6.Bg2 Nge7 7.O-O O-O 8.Ne1
Be6 9.b3 Qd7 10.Qc2 Bh3 11.f4 Rae8 12.Bxh3 Qxh3 13.f5 f6 14.e4 g6 15.Ng2 
gxf5 16.exf5 Kf7 17.Qe4 Rg8 18.Ne3 Rg5 19.Rb1 h5 20.Rf3 Reg8 21.Rb2 h4 22.
Rg2 hxg3 23.hxg3 Rxg3 24.Rfxg3 Rxg3 25.Bd2 Nxf5 26.Nxf5 Rxg2+ 27.Qxg2 Qxf5
28.Qd5+ Qe6 29.Qf3 f5 30.Qh1 Qg6+ 31.Kf1 f4 32.Qh8 f3 0-1

[Event "POL-chT3"]
[Site "Jastrzebia Gora POL"]
[Date "2015.??.??"]
[Round "2.46"]
[White "Zurkowski, Andrzej"]
[Black "Migala, Andrzej"]
[Result "1/2-1/2"]
[WhiteElo "2086"]
[BlackElo "1984"]
[EventDate "2015.??.??"]
[WhiteTitle "k+"]
[BlackTitle "I++"]

1.d4 Nf6 2.Nf3 d5 3.c4 c6 4.Qc2 g6 5.Nc3 Bg7 6.e3 Bf5 7.Qb3 Qb6 8.Qxb6 
axb6 9.cxd5 cxd5 10.Bb5+ Bd7 11.O-O O-O 12.Bd2 e6 13.Rfc1 Rc8 14.h3 Bf8 
15.Bxd7 Nbxd7 16.a3 h6 17.Nb5 Ne4 18.Be1 Nd6 19.Nc7 Rab8 20.b3 Be7 21.Bb4 
Kf8 22.Nd2 Ne8 23.Bxe7+ Kxe7 24.Nxe8 Kxe8 25.e4 dxe4 26.Nxe4 Ke7 27.Kf1 f5
28.Nd2 Nf6 29.Nc4 Nd5 30.Re1 b5 31.Ne5 g5 32.g4 f4 33.Nd3 b6 34.Re5 Rc3 
35.Rae1 Rxd3 36.Rxd5 Rxh3 37.Kg2 Rxb3 38.Rde5 Rxa3 39.Rxe6+ Kd7 40.Rxh6 
Rd3 41.Re5 Rxd4 42.Rxg5 Kc7 43.Rxb5 1/2-1/2

[Event "POL-chT3"]
[Site "Jastrzebia Gora POL"]
[Date "2015.??.??"]
[Round "2.48"]
[White "Kasperek, Joanna"]
[Black "Gorecka, Joanna"]
[Result "1/2-1/2"]
[WhiteElo "2051"]
[BlackElo "2069"]
[EventDate "2015.??.??"]
[WhiteTitle "k++"]
[BlackTitle "WFM"]

1.e4 c5 2.Nf3 e6 3.d4 cxd4 4.Nxd4 Nc6 5.Nb3 Nf6 6.Bd3 Ne5 7.Nc3 Nxd3+ 8.
Qxd3 d6 9.Bf4 e5 10.Bg5 Be6 11.Rd1 a6 12.Nd5 Bxd5 13.Bxf6 gxf6 14.Qxd5 Qc7
15.Na5 Rb8 16.Nc4 Rc8 17.Ne3 Qc6 18.Qd3 Be7 19.O-O Rg8 20.c3 Rg6 21.Nd5 
Qd7 22.Qf3 Qg4 23.Qxg4 Rxg4 24.f3 Rg6 25.Rd3 Bd8 26.Rfd1 a5 27.Kf1 Rc6 28.
b4 axb4 29.Nxb4 Rc4 30.Rxd6 Be7 31.Rb6 Rxc3 32.Nd5 Rc2 33.Ne3 Bc5 34.Nxc2 
Bxb6 35.Rb1 f5 36.exf5 Rc6 37.Nb4 Rd6 38.Ke2 Bd4 39.Nd3 Ra6 40.Nb4 Ra3 41.
Rb3 Ra4 42.a3 Bc5 43.Nd3 Bxa3 44.Rxb7 Bd6 45.f6 e4 46.fxe4 Rxe4+ 47.Kf3 
Re6 1/2-1/2

[Event "POL-chT3"]
[Site "Jastrzebia Gora POL"]
[Date "2015.??.??"]
[Round "2.49"]
[White "Teclaf, Pawel"]
[Black "Rudolf, Michal"]
[Result "1/2-1/2"]
[WhiteElo "2200"]
[BlackElo "2326"]
[EventDate "2015.??.??"]
[WhiteTitle "CM"]
[BlackTitle "FM"]

1.e4 Nf6 2.e5 Nd5 3.d4 d6 4.c4 Nb6 5.exd6 exd6 6.Nc3 Nc6 7.Nf3 Be7 8.Be3 
O-O 9.Be2 d5 10.c5 Nc4 11.Bxc4 dxc4 12.Qa4 Bf6 13.O-O-O Ne7 14.Qxc4 c6 15.
Ng5 Nd5 16.Nge4 Be6 17.Nxd5 Bxd5 18.Qc2 Re8 19.Nd6 Re7 20.Rhg1 b6 21.Nf5 
Re6 22.g4 bxc5 23.Qxc5 Bxa2 24.g5 Be7 25.Nxe7+ Qxe7 26.Qxe7 Rxe7 27.Rge1 
Bb3 28.Rd3 Bc4 29.Rc3 Bb5 30.Bd2 Rxe1+ 31.Bxe1 Re8 32.Bd2 Re4 33.Re3 Rxe3 
34.Bxe3 a6 35.Bf4 f6 36.gxf6 gxf6 37.Kd2 Kf7 38.Bc7 Ke6 39.Bd8 Kf5 40.Ke3 
Bc4 41.Kd2 h5 42.Kc3 Bb5 43.Kb4 Ke6 44.Kc5 f5 45.Bc7 Kd7 46.Bf4 Ke6 47.Bb8
1/2-1/2

[Event "POL-chT3"]
[Site "Jastrzebia Gora POL"]
[Date "2015.??.??"]
[Round "2.50"]
[White "Zujev, Oleg"]
[Black "Oszczanowski, Witold"]
[Result "1-0"]
[WhiteElo "2271"]
[BlackElo "2086"]
[EventDate "2015.??.??"]
[WhiteTitle ""]
[BlackTitle "k"]

1.d4 Nf6 2.c4 Nc6 3.Nf3 e6 4.Nc3 Bb4 5.Bg5 h6 6.Bh4 g5 7.Bg3 Ne4 8.Qc2 
Nxg3 9.hxg3 g4 10.d5 gxf3 11.dxc6 fxe2 12.cxd7+ Bxd7 13.Bxe2 Bc6 14.a3 Bc5
15.Rh5 Qd4 16.Bf3 Bxf3 17.gxf3 f5 18.Nb5 Qg7 19.O-O-O a6 20.Qe2 axb5 21.
Qxe6+ Be7 22.Qd7+ Kf7 23.Re1 Rhe8 24.Qe6+ Kf8 25.Rxf5+ 1-0